| 000 | 01061nam a22002537a 4500 | ||
|---|---|---|---|
| 999 |
_c18733 _d18733 |
||
| 003 | AR-CdUCM | ||
| 008 | 190515b ||||| |||| 00| 0 spa d | ||
| 040 |
_aMUNICIPALIDAD PROVINCIAL DEL CUSCO _cBIBLIOTECA MUNICIPAL DEL CUSCO |
||
| 041 | _hfre | ||
| 082 |
_a614 / _bM86 |
||
| 100 |
_aMorichau - Beauchant, Jacques _939493 |
||
| 245 | _aLa salud en el mundo / | ||
| 260 |
_aBarcelona : _bEdiciones Oikos-tau, _c1967. |
||
| 300 |
_a121 páginas ; _c18.5 cm. |
||
| 440 |
_aQue sais - je? / En lengua castellana. _n19 _939494 |
||
| 505 | _aContenido: La situación sanitaria en el mundo -- Evolución de la salud en Europa -- La salud en los países en vías de desarrollo -- Los peligros de la superpoblación -- Efectos favorables de la mejora de la salud -- La planificación sanitaria ... | ||
| 650 |
_aSalud mundial _921262 |
||
| 650 |
_aOrganización Mundial de la Salud _939495 |
||
| 650 |
_aSalud pública _96404 |
||
| 650 |
_aEuropa _91221 |
||
| 700 |
_aDomingo, Francesc (traducción) _939496 |
||
| 942 |
_2ddc _cLIBROS |
||
| 945 |
_aachl _d2019-05-15 |
||